000 00300nam a2200121Ia 4500
008 190216s9999||||xx |||||||||||||| ||und||
100 _aSathyakam Vedalamkar
245 0 _aHindi-Siksha Sidhanth Aur Samasyayem
260 _bChethak Publishing
_c2008
300 _a176
650 _aHindi
942 _cBK
999 _c16644
_d16644